000 00510nam a2200181Ia 4500
999 _c15134
_d15134
003 OSt
005 20201113122415.0
008 190216s9999||||xx |||||||||||||| ||und||
040 _coclc
082 _a428
_bRAY/S
100 _aRay, Swapna
_96579
245 4 _aThe School Student's Companion /
_cSwapna Ray ; Manas Ray
250 _a1st Ed.
260 _bMansi Publishing House,
_c2005.
_aKolkata:
300 _a164p
650 _aEnglish
942 _cBK
_2ddc
_h428
_iRAY/S
_k428
_mRAY/S